Statistics for Daily Country Riddle #55

Click here to take the quiz!

General Stats

  • This quiz has been taken 115 times
  • The average score is 14 of 15

Answer Stats

TypeAnswer% Correct
Found LetterA
100%
Found LetterN
99%
Found LetterR
99%
Found LetterE
98%
Found LetterM
96%
Correctly Placed LetterN
92%
Found LetterG
91%
Correctly Placed LetterR
91%
Correctly Placed LetterA
90%
Found LetterY
90%
Correctly Placed LetterE
89%
Correctly Placed LetterG
89%
Correctly Placed LetterY
89%
Mystery CountryGermany
88%
Correctly Placed LetterM
88%

Score Distribution

Percentile by Number Answered

Percent of People with Each Score

Your Score History

You have not taken this quiz